[Event "Calvia Open Aficionados 2015"]
[Site "Calvia ESP"]
[Date "2015.10.11"]
[Round "2.24"]
[White "Tscharotschkin, Michael"]
[Black "Ballester Cladera, Antonio"]
[Result "1-0"]
[WhiteElo "2181"]
[BlackElo "1786"]
[PlyCount "59"]
[EventDate "2015.10.10"]
[EventType "swiss"]
[EventRounds "9"]
[EventCountry "ESP"]
[Source "lmi"]
[SourceDate "2015.10.10"]

1. d4 f5 2. Bg5 g6 3. h4 h6 4. Bf4 Nf6 5. Nf3 d6 6. e3 Bg7 7. Bc4 c6 8. c3 Qb6
9. Qc2 Na6 10. a4 Nb8 11. a5 Qd8 12. Nbd2 Ng4 13. d5 cxd5 14. Bxd5 e6 15. Bb3
Qe7 16. Nc4 e5 17. Rd1 exf4 18. Nxd6+ Kf8 19. Nxc8 Qc7 20. exf4 Qxc8 21. O-O
Nc6 22. h5 gxh5 23. Nh4 Ne7 24. Rfe1 Bf6 25. Rxe7 Kxe7 26. Ng6+ Ke8 27. Qe2+
Ne5 28. fxe5 Bg7 29. Nxh8 Bxh8 30. Qxh5+ 1-0

[Event "Calvia Open Aficionados 2015"]
[Site "Calvia ESP"]
[Date "2015.10.11"]
[Round "2.25"]
[White "Gavrish, Leonid"]
[Black "Tufta, Jon Gunnar"]
[Result "1/2-1/2"]
[WhiteElo "2151"]
[BlackElo "1797"]
[PlyCount "79"]
[EventDate "2015.10.10"]
[EventType "swiss"]
[EventRounds "9"]
[EventCountry "ESP"]
[Source "lmi"]
[SourceDate "2015.10.10"]

1. d4 e6 2. c4 f5 3. Nc3 Nf6 4. Qc2 Be7 5. Nf3 c6 6. Bg5 d5 7. cxd5 cxd5 8. e3
O-O 9. Bd3 Nc6 10. a3 Bd7 11. O-O h6 12. Bf4 g5 13. Bg3 Ne4 14. Bxe4 dxe4 15.
Ne5 Rc8 16. Ng6 Rf7 17. d5 exd5 18. Nxd5 Kg7 19. Ngxe7 Nxe7 20. Be5+ Kg6 21.
Qb3 Nxd5 22. Qxd5 Qe8 23. Bd4 a6 24. Rfc1 Bc6 25. Qd6+ Kh7 26. Rc5 Qd7 27. Qxd7
Bxd7 28. Rxc8 Bxc8 29. Rc1 Be6 30. f3 Rd7 31. Kf2 exf3 32. gxf3 f4 33. Rc5
fxe3+ 34. Bxe3 Bd5 35. Kg3 Kg6 36. f4 gxf4+ 37. Bxf4 Bc6 38. Re5 Rd3+ 39. Re3
Rxe3+ 40. Bxe3 1/2-1/2

[Event "Calvia Open Aficionados 2015"]
[Site "Calvia ESP"]
[Date "2015.10.11"]
[Round "2.27"]
[White "Busom Ferrer, Manuel"]
[Black "Hoenick, Andreas"]
[Result "0-1"]
[WhiteElo "1746"]
[BlackElo "2097"]
[PlyCount "44"]
[EventDate "2015.10.10"]
[EventType "swiss"]
[EventRounds "9"]
[EventCountry "ESP"]
[Source "lmi"]
[SourceDate "2015.10.10"]

1. e4 c5 2. Nf3 Nc6 3. d4 cxd4 4. Nxd4 Nf6 5. Nc3 d6 6. Be2 e5 7. Nb3 Be7 8.
O-O O-O 9. Be3 Be6 10. f4 exf4 11. Bxf4 d5 12. exd5 Nxd5 13. Nxd5 Bxd5 14. Bd3
Nb4 15. Bxh7+ Kxh7 16. Qh5+ Kg8 17. Rad1 Qb6+ 18. Kh1 Rad8 19. a3 Bxb3 20. axb4
Bxc2 21. Rc1 Bg6 22. Qe2 Rd7 0-1

[Event "Calvia Open Aficionados 2015"]
[Site "Calvia ESP"]
[Date "2015.10.12"]
[Round "3.1"]
[White "Sahelices Casado, Roberto"]
[Black "Olhovik, Andrei"]
[Result "0-1"]
[WhiteElo "2039"]
[BlackElo "2285"]
[PlyCount "98"]
[EventDate "2015.10.10"]
[EventType "swiss"]
[EventRounds "9"]
[EventCountry "ESP"]
[Source "lmi"]
[SourceDate "2015.10.10"]

1. d4 Nf6 2. c4 e5 3. dxe5 Ng4 4. Nf3 Nc6 5. e3 Ngxe5 6. Nxe5 Nxe5 7. Be2 g6 8.
O-O Bg7 9. Nc3 d6 10. Qd2 a5 11. a4 O-O 12. b3 Nd7 13. Bd3 Nc5 14. Bc2 Be6 15.
Rb1 c6 16. Ba3 Qc7 17. Rbd1 Rfd8 18. e4 Na6 19. Ne2 Nc5 20. Qe3 b6 21. f4 Bg4
22. h3 Bxe2 23. Qxe2 Re8 24. Qf3 Rad8 25. Rfe1 Qe7 26. g4 h6 27. h4 g5 28. hxg5
hxg5 29. Kg2 Ne6 30. fxg5 Qxg5 31. Qf5 Be5 32. Rh1 Qe3 33. Qh7+ Kf8 34. Qh6+
Qxh6 35. Rxh6 Nd4 36. Bxd6+ Rxd6 37. Rxd6 Nxc2 38. R6d3 c5 39. Rf1 Nd4 40. Rh3
Bc7 41. g5 Rxe4 42. g6 f5 43. Rg3 Be5 44. Rg5 Bf6 45. Rfxf5 Nxf5 46. Rxf5 Kg7
47. Rf3 Kxg6 48. Rd3 Kf5 49. Kf3 Bd4 0-1

[Event "Calvia Open Aficionados 2015"]
[Site "Calvia ESP"]
[Date "2015.10.12"]
[Round "3.3"]
[White "Berendsen, Markus"]
[Black "Ustianovich, Nazar"]
[Result "0-1"]
[WhiteElo "1997"]
[BlackElo "2268"]
[PlyCount "37"]
[EventDate "2015.10.10"]
[EventType "swiss"]
[EventRounds "9"]
[EventCountry "ESP"]
[Source "lmi"]
[SourceDate "2015.10.10"]

1. c4 c6 2. Nf3 d5 3. b3 Bg4 4. e3 Nd7 5. d4 e6 6. Be2 Bb4+ 7. Bd2 Bd6 8. Bc3
f5 9. Ne5 Bxe2 10. Qxe2 Ngf6 11. f4 O-O 12. Nd2 a5 13. O-O Qe7 14. c5 Bxe5 15.
fxe5 Ne8 16. a4 g5 17. h3 Ng7 18. g4 Rf7 19. Nf3 0-1

[Event "Calvia Open Aficionados 2015"]
[Site "Calvia ESP"]
[Date "2015.10.12"]
[Round "3.4"]
[White "Gromovs, Sergejs"]
[Black "Frey, Armin"]
[Result "1-0"]
[WhiteElo "2196"]
[BlackElo "1967"]
[PlyCount "95"]
[EventDate "2015.10.10"]
[EventType "swiss"]
[EventRounds "9"]
[EventCountry "ESP"]
[Source "lmi"]
[SourceDate "2015.10.10"]

1. d4 f5 2. e4 fxe4 3. Nc3 Nf6 4. Bg5 d6 5. f3 exf3 6. Nxf3 Nbd7 7. Qd2 c5 8.
O-O-O Qa5 9. Kb1 a6 10. Re1 cxd4 11. Qxd4 Qc5 12. Qd2 b5 13. Nd4 Ne5 14. Nb3
Qa7 15. Bxf6 gxf6 16. Be2 Bd7 17. Bh5+ Kd8 18. Nd5 a5 19. Bf3 a4 20. Nc1 Rc8
21. Nd3 a3 22. Nxe5 fxe5 23. b3 Qc5 24. Qa5+ Rc7 25. Nxc7 Qxc7 26. Qa8+ Qc8 27.
Qxa3 e6 28. Rhf1 Be7 29. Qa5+ Qc7 30. Qa8+ Qc8 31. Qa7 Qc7 32. Qa8+ Qc8 33.
Qxc8+ Kxc8 34. Bg4 h5 35. Bh3 Bg5 36. c3 Kc7 37. Rf7 Kc6 38. g3 Be8 39. Rf2 h4
40. Bxe6 hxg3 41. hxg3 Bg6+ 42. Kb2 Bd3 43. c4 bxc4 44. bxc4 Kc5 45. Kc3 Bg6
46. Rb2 Be8 47. Rb8 Rh2 48. Rc8+ 1-0

[Event "Calvia Open Aficionados 2015"]
[Site "Calvia ESP"]
[Date "2015.10.12"]
[Round "3.5"]
[White "Ponce Cano, Adrian"]
[Black "Hajenius, Willem"]
[Result "0-1"]
[WhiteElo "2135"]
[BlackElo "1923"]
[PlyCount "90"]
[EventDate "2015.10.10"]
[EventType "swiss"]
[EventRounds "9"]
[EventCountry "ESP"]
[Source "lmi"]
[SourceDate "2015.10.10"]

1. e4 c5 2. Nf3 Nf6 3. d3 g6 4. g3 d6 5. Bg2 Bg7 6. c3 O-O 7. O-O Nc6 8. Re1
Rb8 9. Nbd2 b5 10. Nf1 Bd7 11. h4 Qb6 12. N1h2 Rfd8 13. Bf4 e5 14. Bd2 d5 15.
Qc1 c4 16. Bg5 Be6 17. d4 Nxe4 18. Bxd8 Rxd8 19. Qc2 exd4 20. Nxd4 Nxd4 21.
cxd4 Bxd4 22. Bxe4 dxe4 23. Nf1 Bg4 24. Nh2 Bf5 25. Qd2 Qc7 26. Nf1 c3 27. bxc3
Bxc3 28. Qc1 Qe5 29. Rb1 Bxe1 30. Qxe1 e3 31. Rc1 exf2+ 32. Qxf2 Qd4 33. Ne3
Be4 34. Rc7 f5 35. Qf4 Qa1+ 36. Nf1 Qxa2 37. Qf2 Qxf2+ 38. Kxf2 a5 39. g4 fxg4
40. Ng3 Rf8+ 41. Ke2 Bf3+ 42. Kd2 h5 43. Ke3 a4 44. Kd4 a3 45. Kc3 Ra8 0-1

[Event "Calvia Open Aficionados 2015"]
[Site "Calvia ESP"]
[Date "2015.10.12"]
[Round "3.6"]
[White "Beltran Ortiz, Edda Georgina"]
[Black "Blanco Gutierrez, Pedro"]
[Result "0-1"]
[WhiteElo "1927"]
[BlackElo "2099"]
[PlyCount "84"]
[EventDate "2015.10.10"]
[EventType "swiss"]
[EventRounds "9"]
[EventCountry "ESP"]
[Source "lmi"]
[SourceDate "2015.10.10"]

1. e4 c6 2. d4 d5 3. f3 dxe4 4. fxe4 e5 5. Nf3 Bg4 6. Bc4 Nd7 7. O-O Ngf6 8.
dxe5 Bxf3 9. Bxf7+ Kxf7 10. e6+ Kxe6 11. Qxf3 Qb6+ 12. Kh1 Bd6 13. Qf5+ Ke7 14.
Nc3 Rae8 15. Bg5 Kd8 16. Rad1 Qc7 17. Bxf6+ gxf6 18. Rd3 Re5 19. Qf3 Rhe8 20.
Rfd1 R5e6 21. Qf5 Ne5 22. Rh3 Qd7 23. Rxh7 R6e7 24. Qxf6 Ng4 25. Qxd6 Nf2+ 26.
Kg1 Nxd1 27. Qxd7+ Kxd7 28. Rxe7+ Rxe7 29. Nxd1 Rxe4 30. Kf2 Ke6 31. Kf3 Re1
32. Ne3 Rg1 33. a3 Rb1 34. b3 b5 35. h4 Ra1 36. g4 a5 37. g5 Rxa3 38. h5 Ra1
39. h6 Rh1 40. Kg3 a4 41. bxa4 bxa4 42. Nc4 Kf5 0-1

[Event "Calvia Open Aficionados 2015"]
[Site "Calvia ESP"]
[Date "2015.10.12"]
[Round "3.7"]
[White "Andreu Lopez, Santiago"]
[Black "Slovak, Pavel"]
[Result "0-1"]
[WhiteElo "1903"]
[BlackElo "2089"]
[PlyCount "34"]
[EventDate "2015.10.10"]
[EventType "swiss"]
[EventRounds "9"]
[EventCountry "ESP"]
[Source "lmi"]
[SourceDate "2015.10.10"]

1. e4 c5 2. Nf3 e6 3. d4 cxd4 4. Nxd4 a6 5. Bd3 Qc7 6. O-O Nf6 7. Kh1 Bc5 8.
Ne2 Ng4 9. Bf4 Qb6 10. Bg3 Bxf2 11. h3 h5 12. Qd2 Bxg3 13. Nxg3 Nc6 14. Na3
Nce5 15. Bc4 Qe3 16. Qd6 Qxg3 17. hxg4 hxg4+ 0-1

[Event "Calvia Open Aficionados 2015"]
[Site "Calvia ESP"]
[Date "2015.10.12"]
[Round "3.10"]
[White "Galiana Moll, Ramon Aron"]
[Black "Tscharotschkin, Michael"]
[Result "1/2-1/2"]
[WhiteElo "1961"]
[BlackElo "2181"]
[PlyCount "26"]
[EventDate "2015.10.10"]
[EventType "swiss"]
[EventRounds "9"]
[EventCountry "ESP"]
[Source "lmi"]
[SourceDate "2015.10.10"]

1. e4 e6 2. d4 d5 3. Nc3 Nf6 4. Bg5 Be7 5. e5 Nfd7 6. Bxe7 Qxe7 7. Qg4 O-O 8.
Bd3 f5 9. exf6 Nxf6 10. Qh4 Qf7 11. Nf3 Qh5 12. Qg3 c6 13. O-O-O Qg4 1/2-1/2

[Event "Calvia Open Aficionados 2015"]
[Site "Calvia ESP"]
[Date "2015.10.12"]
[Round "3.11"]
[White "Cerdo Fernandez, Miguel"]
[Black "Elishev, Ivan"]
[Result "0-1"]
[WhiteElo "1892"]
[BlackElo "2128"]
[PlyCount "88"]
[EventDate "2015.10.10"]
[EventType "swiss"]
[EventRounds "9"]
[EventCountry "ESP"]
[Source "lmi"]
[SourceDate "2015.10.10"]

1. e4 c5 2. Nf3 g6 3. d4 cxd4 4. Nxd4 Bg7 5. Be2 Nc6 6. Be3 Nf6 7. Nc3 O-O 8.
O-O d6 9. Qd2 Bd7 10. Kh1 Rc8 11. f4 a6 12. Bf3 Na5 13. Be2 b5 14. a3 Nc4 15.
Bxc4 Rxc4 16. Rad1 Qa8 17. Qd3 Bc8 18. Rfe1 Bb7 19. Bg1 Nh5 20. Qe3 Nxf4 21.
Qxf4 e5 22. Qf3 exd4 23. Nd5 Bxd5 24. exd5 Rxc2 25. Qb3 Rc4 26. Qf3 Rc2 27. Qb3
Qc8 28. Bxd4 Qc4 29. Qxc4 bxc4 30. Bxg7 Kxg7 31. Rc1 Re8 32. Red1 Ree2 33. Rxc2
Rxc2 34. Kg1 Kf6 35. Re1 Rxb2 36. Rc1 Rb3 37. Rxc4 Rxa3 38. Rf4+ Ke7 39. Kf2 a5
40. h4 Rd3 41. Re4+ Kd7 42. Rf4 f5 43. h5 Rxd5 44. hxg6 hxg6 0-1

[Event "Calvia Open Aficionados 2015"]
[Site "Calvia ESP"]
[Date "2015.10.12"]
[Round "3.12"]
[White "Fruebing, Thomas"]
[Black "Prill, Gerhard"]
[Result "1-0"]
[WhiteElo "2114"]
[BlackElo "2035"]
[PlyCount "81"]
[EventDate "2015.10.10"]
[EventType "swiss"]
[EventRounds "9"]
[EventCountry "ESP"]
[Source "lmi"]
[SourceDate "2015.10.10"]

1. e4 e5 2. Nf3 f5 3. Nxe5 Qf6 4. d4 d6 5. Nc4 fxe4 6. Nc3 Qg6 7. f3 exf3 8.
Qxf3 Qg4 9. Be2 Qxf3 10. Bxf3 Nf6 11. Nb5 Kd8 12. Bd2 Be6 13. Na5 c6 14. Nxb7+
Kd7 15. Na5 d5 16. Nc3 Na6 17. a3 Bf5 18. O-O-O Bd6 19. Rhf1 Bg6 20. h3 Rae8
21. Bg5 Rhf8 22. Be2 Nc7 23. Bxf6 gxf6 24. Nb7 Bg3 25. Nc5+ Kd6 26. Rf3 Bh4 27.
Bd3 Ne6 28. Nxe6 Rxe6 29. Bxg6 hxg6 30. Kb1 Be1 31. Na4 Re2 32. Nc5 Bf2 33. c3
f5 34. Nd3 Bh4 35. Nf4 Re1 36. Rxe1 Bxe1 37. Nxg6 Rg8 38. Ne5 Rxg2 39. Rxf5 Bh4
40. Rh5 Bf6 41. Rh6 1-0

[Event "Calvia Open Aficionados 2015"]
[Site "Calvia ESP"]
[Date "2015.10.12"]
[Round "3.16"]
[White "Grichkevitch, Gilles"]
[Black "Nettleton, Charlie B"]
[Result "0-1"]
[WhiteElo "2047"]
[BlackElo "1892"]
[PlyCount "60"]
[EventDate "2015.10.10"]
[EventType "swiss"]
[EventRounds "9"]
[EventCountry "ESP"]
[Source "lmi"]
[SourceDate "2015.10.10"]

1. e4 e6 2. d4 d5 3. Nc3 dxe4 4. Nxe4 Bd7 5. Nf3 Bc6 6. Bd3 Nd7 7. Qe2 Ngf6 8.
Bd2 Bxe4 9. Bxe4 c6 10. Bd3 Qc7 11. Ne5 Bd6 12. f4 a6 13. O-O-O O-O 14. g4 c5
15. g5 Nd5 16. Rdf1 Ne7 17. Rf3 Nf5 18. Bxf5 exf5 19. Qd3 cxd4 20. Nxd7 Qxd7
21. Qxd4 Qc6 22. Rhf1 Rfe8 23. Bc3 Bf8 24. h4 Rad8 25. Qf2 Qc4 26. Kb1 Re2 27.
Qb6 Rde8 28. Qxb7 Bd6 29. Qd7 Bb4 30. Qa4 Bxc3 0-1

[Event "Calvia Open Aficionados 2015"]
[Site "Calvia ESP"]
[Date "2015.10.12"]
[Round "3.18"]
[White "Ballesteros Gonzalez, David"]
[Black "Bosschem, Eddy"]
[Result "1-0"]
[WhiteElo "2157"]
[BlackElo "1890"]
[PlyCount "51"]
[EventDate "2015.10.10"]
[EventType "swiss"]
[EventRounds "9"]
[EventCountry "ESP"]
[Source "lmi"]
[SourceDate "2015.10.10"]

1. d4 d5 2. Nf3 Nf6 3. c4 dxc4 4. Nc3 e6 5. e4 c5 6. Bxc4 cxd4 7. Nxd4 Qc7 8.
Qb3 a6 9. Be3 Nc6 10. Nxc6 Qxc6 11. Rc1 Bc5 12. Bxc5 Qxc5 13. O-O Qe7 14. a4
O-O 15. e5 Ng4 16. Be2 Nxe5 17. Rfd1 Rd8 18. Qb6 Nc6 19. Ne4 Bd7 20. Nc5 Be8
21. Qxb7 Qxb7 22. Nxb7 Rxd1+ 23. Rxd1 Rb8 24. Nd6 Rxb2 25. Bxa6 Nb4 26. Nxe8
1-0

[Event "Calvia Open Aficionados 2015"]
[Site "Calvia ESP"]
[Date "2015.10.12"]
[Round "3.19"]
[White "Oliver Font, Jose Luis"]
[Black "Gavrish, Leonid"]
[Result "0-1"]
[WhiteElo "1806"]
[BlackElo "2151"]
[PlyCount "48"]
[EventDate "2015.10.10"]
[EventType "swiss"]
[EventRounds "9"]
[EventCountry "ESP"]
[Source "lmi"]
[SourceDate "2015.10.10"]

1. e4 d6 2. d4 Nf6 3. Nc3 g6 4. Bc4 Bg7 5. Qe2 Nc6 6. Nf3 O-O 7. O-O Bg4 8. Rd1
e5 9. h3 Nxd4 10. Qd3 Nxf3+ 11. gxf3 Bxh3 12. Kh2 Bd7 13. Bg5 Ng4+ 14. fxg4
Qxg5 15. f3 Bh6 16. Ne2 Kh8 17. Rf1 f5 18. exf5 gxf5 19. Kg3 fxg4 20. f4 exf4+
21. Nxf4 Rxf4 22. Rxf4 Qxf4+ 23. Kg2 Bc6+ 24. Kg1 Qe3+ 0-1

[Event "Calvia Open Aficionados 2015"]
[Site "Calvia ESP"]
[Date "2015.10.12"]
[Round "3.20"]
[White "Cip, Dalibor"]
[Black "Orsario, Wolfgang"]
[Result "1-0"]
[WhiteElo "2146"]
[BlackElo "1798"]
[PlyCount "93"]
[EventDate "2015.10.10"]
[EventType "swiss"]
[EventRounds "9"]
[EventCountry "ESP"]
[Source "lmi"]
[SourceDate "2015.10.10"]

1. Nf3 Nf6 2. c4 e6 3. g3 d5 4. Bg2 c6 5. d4 Bb4+ 6. Bd2 Bxd2+ 7. Nbxd2 O-O 8.
O-O Nbd7 9. Qc2 Re8 10. Rfd1 Qe7 11. e4 dxe4 12. Nxe4 Nxe4 13. Qxe4 Nf6 14. Qe3
h6 15. Ne5 Bd7 16. a3 Rad8 17. Qc3 Qd6 18. c5 Qc7 19. Qf3 Bc8 20. h4 Nh7 21.
Rac1 f6 22. Nc4 e5 23. Nd6 Re7 24. Qb3+ Be6 25. d5 cxd5 26. Bxd5 Bxd5 27. Qxd5+
Kf8 28. b4 Qc6 29. Qb3 a6 30. a4 g6 31. b5 axb5 32. axb5 Qc7 33. Qd5 Kg7 34.
Nf5+ gxf5 35. Qxd8 Nf8 36. Qxc7 Rxc7 37. c6 b6 38. Ra1 Kg6 39. Ra6 Ne6 40. Rxb6
Nd4 41. Rb7 Rc8 42. Kg2 h5 43. Rc1 f4 44. c7 f3+ 45. Kh3 Ne6 46. b6 Nd8 47. Rb8
1-0

[Event "Calvia Open Aficionados 2015"]
[Site "Calvia ESP"]
[Date "2015.10.12"]
[Round "3.21"]
[White "Smirnov, Aleksander"]
[Black "Burg, Henk"]
[Result "1-0"]
[WhiteElo "2145"]
[BlackElo "1795"]
[PlyCount "69"]
[EventDate "2015.10.10"]
[EventType "swiss"]
[EventRounds "9"]
[EventCountry "ESP"]
[Source "lmi"]
[SourceDate "2015.10.10"]

1. e4 c5 2. Nf3 e6 3. d3 Nc6 4. g3 g6 5. Bg2 Bg7 6. Nbd2 Nge7 7. c3 O-O 8. h4
d5 9. h5 d4 10. c4 e5 11. Nh2 g5 12. h6 Bh8 13. Nb3 f6 14. f4 exf4 15. gxf4
gxf4 16. Bxf4 Ng6 17. Qd2 Nce5 18. O-O-O Nxd3+ 19. Qxd3 Nxf4 20. Qg3+ Ng6 21.
Nxc5 Qe7 22. e5 Qxc5 23. Bd5+ Rf7 24. exf6 Kf8 25. Rhf1 Qc7 26. Qg1 Rd7 27. Kb1
Rd6 28. Qxd4 Be6 29. Nf3 Bxd5 30. cxd5 Bxf6 31. Ng5 Kg8 32. Rxf6 Rxf6 33. Qxf6
Rf8 34. Qe6+ Kh8 35. d6 1-0

[Event "Calvia Open Aficionados 2015"]
[Site "Calvia ESP"]
[Date "2015.10.12"]
[Round "3.26"]
[White "Fichtinger, Leopold"]
[Black "Mackay, Ian W"]
[Result "1-0"]
[WhiteElo "1966"]
[BlackElo "1713"]
[PlyCount "82"]
[EventDate "2015.10.10"]
[EventType "swiss"]
[EventRounds "9"]
[EventCountry "ESP"]
[Source "lmi"]
[SourceDate "2015.10.10"]

1. e4 c6 2. c4 d5 3. cxd5 cxd5 4. exd5 Nf6 5. Bb5+ Bd7 6. Bc4 g6 7. Qb3 Qc8 8.
Nc3 a6 9. a4 Bg7 10. Nf3 O-O 11. O-O Ne8 12. d3 Nd6 13. Bg5 f6 14. Bf4 g5 15.
Bxd6 exd6 16. Ne4 Qc7 17. Rac1 Bf5 18. Nd4 Bd7 19. Bxa6 Qa5 20. Bxb7 Ra7 21.
Nc6 Qxa4 22. Qxa4 Rxa4 23. Nxd6 f5 24. Nxb8 Rxb8 25. Rc7 Be8 26. Nxe8 Rxe8 27.
Bc6 Rea8 28. Bxa8 Rxa8 29. d6 Be5 30. Rfc1 Bxd6 31. Rc8+ Rxc8 32. Rxc8+ Kf7 33.
Kf1 h5 34. h3 Ke6 35. Ke2 f4 36. d4 Kd5 37. Rd8 Kc6 38. Kd3 g4 39. hxg4 hxg4
40. Ke4 g3 41. fxg3 fxg3 1-0

[Event "Calvia Open Aficionados 2015"]
[Site "Calvia ESP"]
[Date "2015.10.12"]
[Round "3.30"]
[White "Hill, Luke"]
[Black "Driessen Llado, Pedro"]
[Result "1-0"]
[WhiteElo "1921"]
[BlackElo "1644"]
[PlyCount "51"]
[EventDate "2015.10.10"]
[EventType "swiss"]
[EventRounds "9"]
[EventCountry "ESP"]
[Source "lmi"]
[SourceDate "2015.10.10"]

1. e4 c5 2. d4 cxd4 3. c3 dxc3 4. Nxc3 Nc6 5. Bc4 e6 6. Nf3 a6 7. O-O Nge7 8.
Bg5 Qc7 9. Qe2 b5 10. Bb3 d6 11. Rac1 Ng6 12. Rfd1 h6 13. Be3 Be7 14. Nd4 Bb7
15. f4 Qd7 16. f5 Nxd4 17. Bxd4 Nf4 18. Qg4 Bg5 19. h4 exf5 20. exf5 Nxg2 21.
hxg5 hxg5 22. Bd5 Nh4 23. Re1+ Kf8 24. Bxg7+ Kg8 25. Bxh8 Kxh8 26. Qh5+ 1-0

[Event "Calvia Open Aficionados 2015"]
[Site "Calvia ESP"]
[Date "2015.10.12"]
[Round "3.32"]
[White "Haddad Filho, Paulo Ibrahim"]
[Black "Febrero Perez, Lluis"]
[Result "1-0"]
[WhiteElo "1910"]
[BlackElo "1525"]
[PlyCount "27"]
[EventDate "2015.10.10"]
[EventType "swiss"]
[EventRounds "9"]
[EventCountry "ESP"]
[Source "lmi"]
[SourceDate "2015.10.10"]

1. e4 e5 2. Nf3 Nc6 3. d4 exd4 4. Nxd4 Qh4 5. Nc3 Bb4 6. Ndb5 Qxe4+ 7. Be2 Qe5
8. f4 Bxc3+ 9. bxc3 Qe4 10. Nxc7+ Kd8 11. Nxa8 Qxg2 12. Bf3 Qh3 13. Qd6 Qxf3
14. Qf8# 1-0

[Event "Calvia Open Aficionados 2015"]
[Site "Calvia ESP"]
[Date "2015.10.12"]
[Round "3.40"]
[White "Bullock, Lee"]
[Black "Boix Pons, Catalina"]
[Result "0-1"]
[WhiteElo "1539"]
[BlackElo "1813"]
[PlyCount "40"]
[EventDate "2015.10.10"]
[EventType "swiss"]
[EventRounds "9"]
[EventCountry "ESP"]
[Source "lmi"]
[SourceDate "2015.10.10"]

1. e4 c5 2. d4 cxd4 3. c3 d3 4. Bxd3 Nc6 5. Nf3 d6 6. O-O Nf6 7. Bc4 Qc7 8. h3
e6 9. Re1 Be7 10. Bf4 O-O 11. Na3 a6 12. Nc2 Rd8 13. Qe2 b5 14. Bd3 Bb7 15. c4
bxc4 16. Bxc4 Ne5 17. Bxe5 dxe5 18. Nd2 Rxd2 19. Qxd2 Qxc4 20. f3 Rd8 0-1

[Event "Calvia Open Aficionados 2015"]
[Site "Calvia ESP"]
[Date "2015.10.12"]
[Round "3.43"]
[White "Del Canto Riudavets, Jose Manu"]
[Black "Abrines Sampol, Lorenzo"]
[Result "0-1"]
[WhiteElo "1140"]
[BlackElo "1707"]
[PlyCount "50"]
[EventDate "2015.10.10"]
[EventType "swiss"]
[EventRounds "9"]
[EventCountry "ESP"]
[Source "lmi"]
[SourceDate "2015.10.10"]

1. e4 c6 2. Nf3 d5 3. Nc3 Nf6 4. exd5 cxd5 5. d4 Nc6 6. Be2 Bf5 7. a3 h6 8. Bf4
a6 9. h3 e6 10. O-O Bd6 11. Bd2 Qc7 12. g3 Bxh3 13. Re1 Bxg3 14. Kh1 Bxf2 15.
Ne5 Bxd4 16. Nxf7 Qxf7 17. Kh2 Bf5 18. Na4 Be5+ 19. Kg2 Qg6+ 20. Kf1 Bd4 21.
Bh5 Nxh5 22. Rxe6+ Bxe6 23. Bc3 Qg1+ 24. Ke2 Qf2+ 25. Kd3 Bf5# 0-1

[Event "Calvia Open Aficionados 2015"]
[Site "Calvia ESP"]
[Date "2015.10.12"]
[Round "3.47"]
[White "Romero Gamez, Francisco Javier"]
[Black "Nettleton, Robin"]
[Result "1-0"]
[WhiteElo "1708"]
[BlackElo "1335"]
[PlyCount "125"]
[EventDate "2015.10.10"]
[EventType "swiss"]
[EventRounds "9"]
[EventCountry "ESP"]
[Source "lmi"]
[SourceDate "2015.10.10"]

1. e4 e5 2. Nf3 Nc6 3. Bb5 Bc5 4. O-O Nge7 5. c3 a6 6. Ba4 d6 7. d4 exd4 8.
cxd4 b5 9. dxc5 bxa4 10. Qxa4 O-O 11. cxd6 cxd6 12. Nc3 Bd7 13. h3 Ne5 14. Qd1
Qc8 15. Nxe5 dxe5 16. Qf3 Rb8 17. b3 Nc6 18. Bb2 Nd4 19. Qh5 f6 20. Nd5 Qe8 21.
Qxe8 Rfxe8 22. Bxd4 exd4 23. f3 Bc6 24. Rfd1 Bxd5 25. exd5 Rb4 26. Rd3 Rd8 27.
a3 Rb5 28. Rxd4 Rdxd5 29. Rxd5 Rxd5 30. Ra2 a5 31. b4 axb4 32. axb4 Rb5 33. Rb2
Kf7 34. Kf2 Ke6 35. Ke3 g5 36. Kd3 Kd5 37. Kc3 h5 38. Kb3 Kc6 39. Ka4 Re5 40.
Rf2 Rf5 41. Re2 g4 42. hxg4 hxg4 43. fxg4 Rg5 44. Re6+ Kb7 45. Rxf6 Rxg4 46.
Rf2 Kb6 47. Rb2 Ka6 48. Kb3 Kb5 49. Kc3 Rg3+ 50. Kd4 Rg4+ 51. Ke5 Rg5+ 52. Kf4
Rg8 53. Kf5 Rg3 54. Kf4 Rg8 55. g4 Rf8+ 56. Kg3 Rg8 57. Rb1 Rc8 58. g5 Rc4 59.
Rf1 Rxb4 60. g6 Kc6 61. g7 Rb8 62. Rf8 Rb3+ 63. Kf4 1-0

[Event "Calvia Open Aficionados 2015"]
[Site "Calvia ESP"]
[Date "2015.10.12"]
[Round "3.49"]
[White "Moya Gual De Torrella, Loren"]
[Black "Steinschuld, Jo"]
[Result "1-0"]
[WhiteElo "1340"]
[BlackElo "1591"]
[PlyCount "45"]
[EventDate "2015.10.10"]
[EventType "swiss"]
[EventRounds "9"]
[EventCountry "ESP"]
[Source "lmi"]
[SourceDate "2015.10.10"]

1. e4 e5 2. Nf3 Nc6 3. Bc4 Bc5 4. Nc3 Nf6 5. O-O O-O 6. d3 h6 7. h3 d6 8. Re1
Be6 9. Nd5 Ne7 10. Nxf6+ gxf6 11. Bxh6 Re8 12. Bxe6 fxe6 13. Nd4 Ng6 14. Qg4
Kf7 15. Nf3 Rg8 16. Qh5 Ke7 17. Rad1 Kd7 18. d4 exd4 19. Nxd4 Bxd4 20. Rxd4 Qe7
21. f4 Qh7 22. e5 Nxf4 23. Rxf4 1-0

[Event "Calvia Open Aficionados 2015"]
[Site "Calvia ESP"]
[Date "2015.10.13"]
[Round "4.1"]
[White "Olhovik, Andrei"]
[Black "Gromovs, Sergejs"]
[Result "1/2-1/2"]
[WhiteElo "2285"]
[BlackElo "2196"]
[PlyCount "43"]
[EventDate "2015.10.10"]
[EventType "swiss"]
[EventRounds "9"]
[EventCountry "ESP"]
[Source "lmi"]
[SourceDate "2015.10.10"]

1. d4 Nf6 2. c4 e5 3. dxe5 Ng4 4. Nf3 Bc5 5. e3 Nc6 6. Be2 Ngxe5 7. O-O O-O 8.
Nbd2 d6 9. Nb3 Bb6 10. Bd2 Nxf3+ 11. Bxf3 Ne5 12. Be2 Qe7 13. Qc2 c5 14. Rad1
Bd7 15. Bc3 Bc6 16. Na5 Be8 17. Qd2 Rd8 18. Qd5 Bxa5 19. Bxa5 b6 20. Bc3 Bc6
21. Qd2 Rfe8 22. Qc2 1/2-1/2

[Event "Calvia Open Aficionados 2015"]
[Site "Calvia ESP"]
[Date "2015.10.13"]
[Round "4.3"]
[White "Ustianovich, Nazar"]
[Black "Slovak, Pavel"]
[Result "1-0"]
[WhiteElo "2268"]
[BlackElo "2089"]
[PlyCount "55"]
[EventDate "2015.10.10"]
[EventType "swiss"]
[EventRounds "9"]
[EventCountry "ESP"]
[Source "lmi"]
[SourceDate "2015.10.10"]

1. d4 d5 2. c4 e6 3. Nf3 Nf6 4. Nc3 c6 5. Bg5 Be7 6. e3 Nbd7 7. Qc2 h6 8. Bh4
O-O 9. Rd1 Re8 10. a3 dxc4 11. Bxc4 Qa5 12. O-O Nb6 13. Ba2 Qh5 14. Bb1 g6 15.
Ne2 Kg7 16. Bg3 Qb5 17. Ne5 Rg8 18. Nc3 Qa5 19. Bf4 g5 20. Bg3 Nbd5 21. Ne2 Qd8
22. e4 Nb6 23. f4 Nbd7 24. fxg5 hxg5 25. Rf3 Rf8 26. Rdf1 Kg8 27. Nxd7 Nxd7 28.
e5 1-0